000 00719nam a2200229 i 4500
001 47480
003 ES-MaACL
005 20231013063114.0
007 t|
008 030428s2002 sp ||||0| spa j
020 _a84-204-4310-7
040 _aM-BN
_bspa
_cM-BN
080 _a821.134.2-92"19"
100 1 _aPérez-Reverte, Arturo,
_d1951-
_9226783
245 1 0 _aCon ánimo de ofender
_b: (1998-2001) /
_cArturo Pérez-Reverte ; prólogo y selección de José Luis Martín Nogales.
250 _a6ª ed.
260 _aMadrid :
_bAlfaguara,
_c2002.
300 _a445 p ;
_c24 cm.
700 1 _aMartín Nogales, José Luis.
_977587
852 _aES-MaACL
_jL-26282
_bR.132169
999 _c47480
_d47480